| 000 | 00460nam a2200181Ia 4500 | ||
|---|---|---|---|
| 005 | 20250423095945.0 | ||
| 008 | 250422s9999 xx 000 0 und d | ||
| 020 | _a9789351528968 | ||
| 050 | _aQP 518.5 .S58/ | ||
| 100 | _aShukla, Saumya | ||
| 245 | 0 | _aLast minute revision: biochemistry | |
| 260 | _aNew Delhi | ||
| 260 | _bCBS Publishers & Distributors Pvt Ltd. | ||
| 260 | _c2015 | ||
| 300 | _a266 p | ||
| 650 | _a Biochemistry. | ||
| 942 | _cBK | ||
| 999 |
_c31849 _d31849 |
||